| 000 | 00325nam a22001337a 4500 | ||
|---|---|---|---|
| 020 | _a9780746048528 | ||
| 082 |
_a823 _bEVE/M |
||
| 100 | _aEVERETT, FELICITY | ||
| 245 | _aTHE MONSTER GANG | ||
| 260 |
_aUNITED KINGDOM _bUSBORNE PUBLISHING _c2002 |
||
| 300 | _a48 | ||
| 650 |
_aCHILDRENS STORY BOOK _zUNITED KINGDOM |
||
| 942 | _cBK | ||
| 999 |
_c3193 _d3193 |
||